000 00358nam a2200133Ia 4500
008 151001s9999||||xx |||||||||||||| ||und||
100 _aमधुसूदन कालेलकर
245 _aहे फुल चंदनाचे
250 _a1
260 _bरंजना प्रकाशन
260 _c1969
300 _a113
365 _b22
999 _c955452
_d955449